000 00242nam a22001097a 4500
082 _a823
_bBLY/S
100 _aBLYTON, ENID
245 _a7 O'CLOCK TALES
260 _aSINGAPORE
_bMAMMOTH
_c1995
650 _aENGLISH STORY
_zSINGAPORE
942 _cBK
999 _c7229
_d7229